| 000 | 00888nam a22002655a 4500 | ||
|---|---|---|---|
| 005 | 20151027145108.0 | ||
| 008 | 151027s2011 nyua frb 001 0 eng d | ||
| 020 | _a9781461430070 | ||
| 040 |
_aEG-ScBUE _beng _cEG-ScBUE |
||
| 082 | 0 | 4 |
_222 _a615.1 _bCON |
| 245 | 0 | 0 |
_aControlled release in oral drug delivery / _ceditors Clive G. Wilson, Patrick J. Crowley. |
| 260 |
_aNew York : _bSpringer, _c2011. |
||
| 300 |
_axiii, 412 p. : _bill. ; _c24 cm. |
||
| 490 | 0 | _aAdvances in delivery science and technology | |
| 500 | _aIndex : p. 403-412. | ||
| 504 | _aIncludes bibliographical references. | ||
| 650 | 7 |
_2BUEsh _936090 _aDrug delivery systems. |
|
| 650 | 0 |
_aDrugs _xControlled release _2BUEsh |
|
| 651 | _2BUEsh | ||
| 653 |
_bPPhrm _cOctober2015 |
||
| 655 |
_vReading book _934232 |
||
| 700 | 1 |
_aWilson, Clive G., _eeditor. |
|
| 700 | 1 |
_aCrowley, Patrick J., _eeditor. |
|
| 942 | _2ddc | ||
| 999 |
_c20999 _d20971 |
||